000 00220nam a22000857a 4500
008 170113b xxu||||| |||| 00| 0 eng d
100 _92388
_aSharma.N.K.etal
245 _aPractical Science-X
260 _aNew Delhi
_bAmanda
_c2010
999 _c5399
_d5399